000
00341 a2200157 4500
001
59508
020
_a
8525412406
040
_c
Anchieta - Pituba
100
_a
Moscovich, Cintia
240
1
0
_a
O reino das cebolas
_l
por
245
1
0
_a
O reino das cebolas
300
_a
114
362
0
_a
2002
650
4
_a
Ficção brasileira
942
_c
BK
999
_c
59508
_d
59508